Fr. Conceicao Rodrigues College of Engineering

Machine Drawing (Record no. 35569)

MARC details
000 -LEADER
fixed length control field 00290nam a2200145Ia 4500
100 ## - MAIN ENTRY--PERSONAL NAME
Personal name GUPTA/R.B.
245 ## - TITLE STATEMENT
Title Machine Drawing
260 ## - PUBLICATION, DISTRIBUTION, ETC.
Name of publisher, distributor, etc. Satya prakashan
Place of publication, distribution, etc. New Delhi
366 ## - TRADE AVAILABILITY INFORMATION
Publishers's discount category 20
300 ## - PHYSICAL DESCRIPTION
Extent 791
546 ## - LANGUAGE NOTE
Language note ENGLISH
650 ## - SUBJECT ADDED ENTRY--TOPICAL TERM
Topical term or geographic name entry element Machine Drawing
942 ## - ADDED ENTRY ELEMENTS (KOHA)
Koha item type BOOK
Holdings
Withdrawn status Lost status Damaged status Not for loan Collection Home library Current library Date acquired Source of acquisition Cost, normal purchase price Inventory number Total Checkouts Full call number Barcode Date last seen Cost, replacement price Price effective from Koha item type
        ITI Fr. Agnel's C.Rodrigues College of Engineering Fr. Agnel's C.Rodrigues College of Engineering 17/03/2023 Allied Publishers 280.00 INDENT NO: 7208   ITI1153 17/03/2023 350.00   BOOK